<?xml version="1.0" encoding="UTF-8"?>
<record
    xmlns:xsi="http://www.w3.org/2001/XMLSchema-instance"
    xsi:schemaLocation="http://www.loc.gov/MARC21/slim http://www.loc.gov/standards/marcxml/schema/MARC21slim.xsd"
    xmlns="http://www.loc.gov/MARC21/slim">

  <leader>01512nam a22002057a 4500</leader>
  <controlfield tag="003">OSt</controlfield>
  <controlfield tag="005">20220812125025.0</controlfield>
  <controlfield tag="008">180207b        xxu||||| |||| 00| 0 eng d</controlfield>
  <datafield tag="020" ind1=" " ind2=" ">
    <subfield code="a">978141603121</subfield>
  </datafield>
  <datafield tag="040" ind1=" " ind2=" ">
    <subfield code="c">WIUC-GH</subfield>
  </datafield>
  <datafield tag="050" ind1=" " ind2=" ">
    <subfield code="a">RB111.R62</subfield>
  </datafield>
  <datafield tag="245" ind1=" " ind2=" ">
    <subfield code="a">Robbins and Cotran: Pathologic basis of disease. /</subfield>
    <subfield code="c">Vinay Kumar ...[et al.]</subfield>
  </datafield>
  <datafield tag="250" ind1=" " ind2=" ">
    <subfield code="a">8th ed.</subfield>
  </datafield>
  <datafield tag="260" ind1=" " ind2=" ">
    <subfield code="a">Philadelphia:</subfield>
    <subfield code="b">Elsevier,</subfield>
    <subfield code="c">2010.</subfield>
  </datafield>
  <datafield tag="300" ind1=" " ind2=" ">
    <subfield code="a">xiv, 1450p.:</subfield>
    <subfield code="b">ill.;</subfield>
    <subfield code="c">28cm</subfield>
  </datafield>
  <datafield tag="500" ind1=" " ind2=" ">
    <subfield code="a">Includes index.</subfield>
  </datafield>
  <datafield tag="505" ind1=" " ind2=" ">
    <subfield code="a">Contents: General pathology: Cellular responses to stress and toxic insults: Adaptation, injury, and death -- Acute and chronic inflammation -- Tissue renewal, repair, and regeneration -- Hemodynamic disorders, thromboembolic disease, and shock -- Genetic disorders -- Diseases of the immune system -- Neoplasia -- Infectious diseases -- Environmental and nutritional diseases -- Diseases of infancy and childhood -- Systematic Pathology: Diseases of organ systems: Blood vessels -- The heart -- Diseases of white blood cells, lymph nodes, spleen, and thymus --  Red blood cell and bleeding disorders -- The lung -- Head and neck -- The gastrointestinal tract -- Liver and biliary tract -- The pancreas -- The kidney -- The lower urinary tract and male genital system -- The female genital tract -- The breast -- The endocrine system -- The skin -- Bones, joints, and soft tissue tumors -- Peripheral nerve and skeletal muscle -- The central nervous system -- The eye.</subfield>
  </datafield>
  <datafield tag="700" ind1=" " ind2=" ">
    <subfield code="a">Kumar, Vinay</subfield>
    <subfield code="9">137</subfield>
  </datafield>
  <datafield tag="942" ind1=" " ind2=" ">
    <subfield code="2">lcc</subfield>
    <subfield code="c">BK</subfield>
  </datafield>
  <datafield tag="999" ind1=" " ind2=" ">
    <subfield code="c">6487</subfield>
    <subfield code="d">13987</subfield>
  </datafield>
  <datafield tag="952" ind1=" " ind2=" ">
    <subfield code="0">0</subfield>
    <subfield code="1">0</subfield>
    <subfield code="2">lcc</subfield>
    <subfield code="4">0</subfield>
    <subfield code="7">0</subfield>
    <subfield code="a">WIUC-1</subfield>
    <subfield code="b">WIUC-1</subfield>
    <subfield code="c">NURS L.</subfield>
    <subfield code="d">2018-02-07</subfield>
    <subfield code="l">0</subfield>
    <subfield code="o">RB111.R62</subfield>
    <subfield code="p">NURS/419/081/18</subfield>
    <subfield code="r">2018-02-07 00:00:00</subfield>
    <subfield code="t">1</subfield>
    <subfield code="w">2018-02-07</subfield>
    <subfield code="y">BK</subfield>
  </datafield>
  <datafield tag="952" ind1=" " ind2=" ">
    <subfield code="0">0</subfield>
    <subfield code="1">0</subfield>
    <subfield code="2">lcc</subfield>
    <subfield code="4">0</subfield>
    <subfield code="7">0</subfield>
    <subfield code="a">WIUC-KL</subfield>
    <subfield code="b">WIUC-KL</subfield>
    <subfield code="c">NURS L.</subfield>
    <subfield code="d">2019-11-29</subfield>
    <subfield code="l">0</subfield>
    <subfield code="o">RB111.R62(8e)</subfield>
    <subfield code="p">KSN/926/926/19</subfield>
    <subfield code="r">2022-08-12 00:00:00</subfield>
    <subfield code="t">1</subfield>
    <subfield code="w">2022-08-12</subfield>
    <subfield code="y">BK</subfield>
  </datafield>
</record>
